=LDR 00000nam 2200000 4500 =001 INLIS000000000025207 =005 20130612123731 =008 ***********************************Ind** =035 ##$$0010-061300000025207 =041 ##$$a Ind =082 ##$$a 796.334 2 =090 ##$$a 796.334 2, Bat l =100 ##$$a Batty, Eric C =245 ##$$a Latihan sepak bola metode baru (pertanahan), Eric C. Batty =260 ##$$a 2004 $b Bandung =300 ##$$a 148 hlm, ilus, 21 cm =650 ##$$a Sepak Bola =850 ##$$a NBPNMAT =990 ##$$a 91327/BPAP-NTB/2014 =990 ##$$a 0001/BPAP-NTB/20142014 =990 ##$$a 0001/BPAP-NTB/2016